| 000 | 01310nam a2200313 i 4500 | ||
|---|---|---|---|
| 001 | 16290 | ||
| 003 | DO-SdUEMH | ||
| 005 | 20260127214943.0 | ||
| 007 | ta | ||
| 008 | 211105s2006||||dr |||gr|||| 0|| | spa d | ||
| 040 |
_aDO-SdUEMH _bspa _erda |
||
| 041 | _aspa | ||
| 082 | 1 | 4 |
_aRD345.729305 E596 2006 _mRD _bC955 |
| 084 | _b08-00338 | ||
| 100 | 1 | _eaut | |
| 110 | _aPontificia Universidad Católica Madre y Maestra PUCMM | ||
| 245 | 0 |
_aEnsayos y Monografías sobre el Derecho Procesal Penal Dominicano / _cJosé Alberto Cruceta |
|
| 260 | _c2006 | ||
| 264 | 1 |
_aSanto Domingo, República Dominicana : _bBúho, _c2006 |
|
| 264 | 4 | _c©2006 | |
| 300 |
_a337 páginas : _c22 cm. |
||
| 336 |
_2rdacontent _atexto _btxt |
||
| 337 |
_2rdamedia _asin mediación _bn |
||
| 338 |
_2rdacarrier _avolumen _bnc |
||
| 504 | _aContiene Información Bibliográfica a Final de la Obra. | ||
| 505 | _aprincipios y garantías del sistema procesal penal dominicano -- las acciones que nacen de los hechos punibles -- los sujetos en el proceso penal -- los procedimientos especiales -- la prueba -- la jurisdicción penal -- las medidas de coerción -- el procedimiento preparatorio en el código procesal penal dominicano -- el régimen de los recursos en el código procesal penal. | ||
| 942 |
_2ddc _cBK _n0 |
||
| 999 |
_c16290 _d16290 |
||